000
00320nam a2200109Ia 4500
008
171211s9999 xx 000 0 und d
245
_a
Final Fantasy: The 4 Heroes of Light Official Strategy Guide
245
_c
BradyGames
260
_c
2010
650
_x
GAMES
856
_u
http://down.ebook777.com/057/9780744012552.pdf
999
_c
348902
_d
348902